Southville International School and Colleges
Your cart is empty.
  • Cart
  • Lists
    Public lists Eva Luna New books Lux_list list_1
    Your lists Log in to create your own lists
  • Log in to your account
  • Your cookies
  • Search history
Southville International School and Colleges
  • Advanced search
  • Recent comments
  • Most popular
  • Libraries

Log in to your account

Log in with GOOGLE


If you do not have an external account, but do have a local account, you can still log in:

  1. Home
  2. MARC view: Principles of corporate finance /
Normal view MARC view ISBD view

Principles of corporate finance / (Record no. 276638)

[ view plain ]
MARC details
000 -LEADER
fixed length control field 00391nam a2200145 a 4500
005 - DATE AND TIME OF LATEST TRANSACTION
control field 20141022142009.0
008 - FIXED-LENGTH DATA ELEMENTS--GENERAL INFORMATION
fixed length control field 120228s19uu xx 00 eng d
050 ## - LIBRARY OF CONGRESS CALL NUMBER
Classification number CD-ROM
Item number B74 2003
100 ## - MAIN ENTRY--PERSONAL NAME
Personal name Brealey, Richard A.
245 ## - TITLE STATEMENT
Title Principles of corporate finance /
Statement of responsibility, etc Richard Brealey, Stewart Myers.
250 ## - EDITION STATEMENT
Edition statement 7th ed.
260 ## - PUBLICATION, DISTRIBUTION, ETC. (IMPRINT)
Date of publication, distribution, etc 2003.
700 ## - ADDED ENTRY--PERSONAL NAME
Personal name Myers, Stewart C.
942 ## - ADDED ENTRY ELEMENTS (KOHA)
Koha item type Audio Visual Materials
Holdings
Withdrawn status Lost status Damaged status Home library Current library Shelving location Date acquired Total Checkouts Full call number Barcode Date last seen Price effective from Koha item type
      College Library College Library Audio Visual Material Section 02/28/2012   CD-ROM B74 2003 BSBA0051 04/12/2014 04/12/2014 Audio Visual Materials

Principles of corporate finance /

APA

Brealey R. A., Myers S. C., . (2003). Principles of corporate finance. : .

Chicago

Brealey Richard A, Myers Stewart C, . 2003. Principles of corporate finance. : .

Harvard

Brealey R. A., Myers S. C., . (2003). Principles of corporate finance. : .

MLA

Brealey Richard A, Myers Stewart C, . Principles of corporate finance. : . 2003.

  • Place hold
  • Print
  • Cite
  • Add to your cart (remove)
  • Save record
    BIBTEX Dublin Core MARCXML MARC (non-Unicode/MARC-8) MARC (Unicode/UTF-8) MARC (Unicode/UTF-8, Standard) MODS (XML) RIS
  • More searches
    Search for this title in:
    Other Libraries (WorldCat) Other Databases (Google Scholar) Online Stores (Bookfinder.com) Open Library (openlibrary.org)

Exporting to Dublin Core...

SOUTHVILLE LIBRARY

Southville International School and Colleges Library

1281 Tropical Ave. Cor. Luxembourg St., BF Homes International, Las Pinas City

Tel. No. 8256374 / 252358 Loc. 117/146

Powered by Koha